000 00350 a2200157 4500
001 177314
020 _a
040 _cMagnum
100 _aCarr, Stella
240 1 0 _aO fantastico homem do metro
_lpor
245 1 0 _aO fantastico homem do metro
362 0 _a1899
440 1 _aModerna
697 _aMAGNITO: J/SOCIEDADE, COTIDIAN
942 _cBK
999 _c177314
_d177314